• 首页
  • 本馆介绍
  • 公告通知
  • 最新文献
  • 馆藏检索
  • 电子资源
  • 读者导购
  • 参考咨询
  • 我的图书馆
  • 登录
  • 详细信息显示
  • 放入我的书架
  • 预约/预借图书
  • 作者相关作品
  • 分类相关作品
  • 丛书相关作品
  • 出版社相关作品

书目信息

  • 表格格式
  • 工作单格式
  • 卡片格式
题名:
世界奥林匹克解题大辞典——组合卷
    
 
作者: 李成章 著
分册:  
出版信息: 石家庄   河北少年儿童出版社  2002
页数: 1035页
开本: 20cm
丛书名:
单 册:
中图分类: O12-61
科图分类:
主题词: 初等数学
电子资源:
ISBN: 7-5376-2403-8
000 00570nam0 2200181 450
001 0732828906
005 20070903090708.90
010    @a7-5376-2403-8@d¥48.70
100    @a20070903d km y0chiy0120 ea
101 0  @achi
200 1  @a世界奥林匹克解题大辞典——组合卷@Ashi jie ao lin pi ke jie ti da ci dian——zu he juan@f李成章著@Fli cheng zhang zhu
210    @a石家庄@c河北少年儿童出版社@d2002
215    @a1035页@d20cm
606 0  @a初等数学
690    @aO12-61@v3
701  0 @a李成章@Ali cheng zhang@4著
801  0 @aCN@bPFT@c20070903
905    @a213230@dO12-61@eS226@f1
    
    世界奥林匹克解题大辞典——组合卷/李成章著.-石家庄:河北少年儿童出版社,2002
    1035页;20cm
    
    
    ISBN 7-5376-2403-8:¥48.70
    
●
相关链接 在E读中查询图书 在五车中查询图书 在当当中查询图书 在豆瓣中查询图书


正题名:世界奥林匹克解题大辞典——组合卷     索取号:O12-61/S226         预约/预借

序号 登录号 条形码 馆藏地/架位号 状态 备注
1 6700646   267006465   密集书库-数信学院/ [索取号:O12-61/S226] 在馆    
唐山师范学院图书馆 欢迎您!
大连网信软件有限公司© 版权所有